00868nam a2200253 i 450000100060000000300090000600500170001500700030003200800410003502000180007608000250009424500620011925000120018126000460019330000280023949000200026750500810028761000280036870000310039683000280042785200210045599900170047695201210049315451ES-MaACL20230906151058.0t|000314s1998 sp a |||| | spa d a84-95071-06-1 a331.105.44(460)(091)00aHistoria de la U.G.T. / cdirigida por Santiago Castillo. a1ª ed. aMadrid : bPublicaciones Unión, c1998. a1 v. : bil. ; c24 cm.1 aHistoria social8 aContiene: 1 ; tHacia la mayoría de edad (1888-1914) / rSantiago Castillo24aUGT-vHistoria.91736531 aCastillo, Santiago.9367220 aHistoria social9228576 aES-MaACLjP-1956 c15451d15451 00104070aATENEOMbATENEOMcDEPO2d2008-01-17eSCl0oP-1956p1015708r2023-02-23 00:00:00w2023-02-23yMONOGRAFIA